सूर्य विमर्श / (Record no. 32182)

MARC details
000 -LEADER
fixed length control field 01216nam a22002417a 4500
005 - DATE AND TIME OF LATEST TRANSACTION
control field 20091207120749.0
008 - FIXED-LENGTH DATA ELEMENTS--GENERAL INFORMATION
fixed length control field 091207t xxu||||| |||| 00| 0 hin d
010 ## - LCCN (DPL NO)
LC control number HIN-88749
020 ## - INTERNATIONAL STANDARD BOOK NUMBER
Terms of availability 175.00
International Standard Book Number 8185765200
035 ## - SYSTEM CONTROL NUMBER
System control number HN-61095
037 ## - SOURCE OF ACQUISITION
Source of stock number/acquisition DBAD / PUB
040 ## - CATALOGING SOURCE
Original cataloging agency DPL
Language of cataloging HN
082 ## - DEWEY DECIMAL CLASSIFICATION NUMBER
Classification number 220.21
245 ## - TITLE STATEMENT
Title सूर्य विमर्श /
Statement of responsibility, etc सुरेन्द्र कुमार पाण्डेय द्वारा संपादित
246 ## - VARYING FORM OF TITLE
Title proper/short title Suray Vimarsh /
Remainder of title ed. by Surender Kumar Panday
260 ## - PUBLICATION, DISTRIBUTION, ETC. (IMPRINT)
Place of publication, distribution, etc इलाहाबाद
Name of publisher, distributor, etc हिन्दुसातीन एकेडेमी
Date of publication, distribution, etc 2009
270 ## - ADDRESS
Address हिन्दुस्तानी एकेडेमी
City इलाहाबाद
300 ## - PHYSICAL DESCRIPTION
Extent 324पृ
Dimensions 22सेमी (सजिल्द)
Other physical details सचित्र
650 ## - SUBJECT ADDED ENTRY--TOPICAL TERM
Topical term or geographic name as entry element सूर्य वैदिक साहित्य में
650 ## - SUBJECT ADDED ENTRY--TOPICAL TERM
Topical term or geographic name as entry element Sun in vedic literatur
942 ## - ADDED ENTRY ELEMENTS (KOHA)
Source of classification or shelving scheme Dewey Decimal Classification
Item type Hindi Books
Classification part 220.21
Call number suffix सूर्यवि
Holdings
Withdrawn status Lost status Source of classification or shelving scheme Damaged status Not for loan Collection code Home library Current library Date acquired Source of acquisition Cost, normal purchase price Total Checkouts Full call number Barcode Date last seen Copy number Cost, replacement price Koha item type
    Dewey Decimal Classification   Not For Loan Non-fiction D.B.Act.Division D.B.Act.Division 07/12/2009 DBAD / PUB 175.00   220.21 सूर्यवि HN-61095 07/12/2009 1 175.00 Hindi Books

© Delhi Public Library
Hit Counter
free hit counter